000 00756nam a2200277Ia 4500
003 OSt
005 20221006155456.0
006 a|||||r|||| 00| 0
007 ta
008 221006b |||||||| |||| 00| 0 chi d
020 _cYu 3.70 (Total)
024 _a42,091
037 _bGift,
_cTextual
040 _aEASL
_cEASL
_bchi
041 _2chi
_achi
082 _aV41.N7, M0.
100 _aJian Bozan
_9669378
245 0 _aZhongguo Tongshi Cankao Ziliao 2 Vols
260 _aBeijing
_bZhonghuashuju China
_c1980
300 _a545+488p.
_ccm.
490 _v V.2CL
650 _aCL
_9642733
700 _a Zhen Tianting
_9669379
942 _hV41.N7, M0.
_cTEXL
_2CC
999 _c1110177
_d1110177